Countries with an F in Their Name - Statistics

General Stats
  • This quiz has been taken 124 times
  • The average score is 7 of 9
Answer Stats
Answer % Correct
France
99%
Fiji
98%
Finland
93%
South Africa
74%
Afghanistan
71%
Central African Republic
70%
Burkina Faso
64%
Democratic Republic of the Congo
62%
United States of America
59%
No matching quizzes found
Score Distribution
Percent of People with Each Score
Percentile by Number Answered
Your Score History
You have not taken this quiz